<?xml version='1.0' encoding='UTF-8'?>
  <record xmlns="http://www.loc.gov/MARC21/slim">
    <leader>00000cam a2200000Mi 4500</leader>
    <controlfield tag="001">ocn905438864</controlfield>
    <controlfield tag="003">OCoLC</controlfield>
    <controlfield tag="005">20250221104551.7</controlfield>
    <controlfield tag="008">880905s1911    ne            000 0 fry d</controlfield>
    <datafield tag="040" ind1=" " ind2=" ">
      <subfield code="a">NLGGC</subfield>
      <subfield code="b">dut</subfield>
      <subfield code="e">fobidrtb</subfield>
      <subfield code="c">NLGGC</subfield>
      <subfield code="d">L2U</subfield>
      <subfield code="d">OCLCO</subfield>
      <subfield code="d">OCLCL</subfield>
      <subfield code="d">OCLCA</subfield>
    </datafield>
    <datafield tag="019" ind1=" " ind2=" ">
      <subfield code="a">1228187412</subfield>
    </datafield>
    <datafield tag="029" ind1="0" ind2=" ">
      <subfield code="a">NLGGC</subfield>
      <subfield code="b">048519480</subfield>
    </datafield>
    <datafield tag="035" ind1=" " ind2=" ">
      <subfield code="a">(OCoLC)905438864</subfield>
      <subfield code="z">(OCoLC)1228187412</subfield>
    </datafield>
    <datafield tag="045" ind1=" " ind2=" ">
      <subfield code="a">x1x1</subfield>
    </datafield>
    <datafield tag="084" ind1=" " ind2=" ">
      <subfield code="a">18.13</subfield>
      <subfield code="2">bcl</subfield>
    </datafield>
    <datafield tag="245" ind1="0" ind2="0">
      <subfield code="a">For Waling-Om :</subfield>
      <subfield code="b">1821-1911 : oanbean oan Waling Dykstra op syn 90e jierdei troch ytlike Friezen en Friezinnen /</subfield>
      <subfield code="c">samler: F.J. de Zee.</subfield>
    </datafield>
    <datafield tag="246" ind1="3" ind2=" ">
      <subfield code="a">For Waling-om, 1821-1911</subfield>
    </datafield>
    <datafield tag="260" ind1=" " ind2=" ">
      <subfield code="a">Ljouwert :</subfield>
      <subfield code="b">W.A. Eisma Cs,</subfield>
      <subfield code="c">[1911]</subfield>
    </datafield>
    <datafield tag="300" ind1=" " ind2=" ">
      <subfield code="a">157 p. :</subfield>
      <subfield code="b">ill., portr., muz. ;</subfield>
      <subfield code="c">24 cm.</subfield>
    </datafield>
    <datafield tag="336" ind1=" " ind2=" ">
      <subfield code="a">tekst</subfield>
      <subfield code="b">txt</subfield>
      <subfield code="2">rdacontent/dut</subfield>
    </datafield>
    <datafield tag="337" ind1=" " ind2=" ">
      <subfield code="a">zonder medium</subfield>
      <subfield code="b">n</subfield>
      <subfield code="2">rdamedia/dut</subfield>
    </datafield>
    <datafield tag="338" ind1=" " ind2=" ">
      <subfield code="a">band</subfield>
      <subfield code="b">nc</subfield>
      <subfield code="2">rdacarrier/dut</subfield>
    </datafield>
    <datafield tag="530" ind1=" " ind2=" ">
      <subfield code="a">Digitaal beschikbaar.</subfield>
    </datafield>
    <datafield tag="530" ind1=" " ind2=" ">
      <subfield code="a">Boek wordt verfilmd Metamorfoze UBU.</subfield>
    </datafield>
    <datafield tag="600" ind1="1" ind2="4">
      <subfield code="a">Dykstra, Waling</subfield>
      <subfield code="q">(Waling Gerrits),</subfield>
      <subfield code="d">1821-1914.</subfield>
      <subfield code="0">(NL-LeOCL)070344256</subfield>
    </datafield>
    <datafield tag="650" ind1=" " ind2="7">
      <subfield code="a">18.13 Frisian language and/or literature.</subfield>
      <subfield code="0">(NL-LeOCL)077612035</subfield>
      <subfield code="2">bcl</subfield>
    </datafield>
    <datafield tag="600" ind1="1" ind2="7">
      <subfield code="a">Dykstra, Waling,</subfield>
      <subfield code="d">1821-1914.</subfield>
      <subfield code="0">(NL-LeOCL)070344256</subfield>
      <subfield code="2">nta</subfield>
    </datafield>
    <datafield tag="655" ind1=" " ind2="7">
      <subfield code="a">Feestbundels (vorm)</subfield>
      <subfield code="2">gtt</subfield>
      <subfield code="0">(NL-LeOCL)088142817</subfield>
    </datafield>
    <datafield tag="655" ind1=" " ind2="7">
      <subfield code="a">Bellettrie (teksten)</subfield>
      <subfield code="2">gtt</subfield>
      <subfield code="0">(NL-LeOCL)112192041</subfield>
    </datafield>
    <datafield tag="700" ind1="1" ind2=" ">
      <subfield code="a">Dykstra, Waling</subfield>
      <subfield code="q">(Waling Gerrits),</subfield>
      <subfield code="d">1821-1914.</subfield>
      <subfield code="1">https://id.oclc.org/worldcat/entity/E39PBJmtvCgVvFJYgpxphcFqcP</subfield>
    </datafield>
    <datafield tag="700" ind1="1" ind2=" ">
      <subfield code="a">Zee, F.J. de</subfield>
      <subfield code="q">(Fokke Jans),</subfield>
      <subfield code="d">1874-1950</subfield>
      <subfield code="1">https://id.oclc.org/worldcat/entity/E39PBJcwGqJYj36Xd93KqKBpT3</subfield>
    </datafield>
    <datafield tag="758" ind1=" " ind2=" ">
      <subfield code="a">For Waling - om, 1821-1911 (Text)</subfield>
      <subfield code="1">https://id.oclc.org/worldcat/entity/E39PCYcPXtFKVP6xgCHTc8FKYd</subfield>
      <subfield code="4">https://id.oclc.org/worldcat/ontology/hasWork</subfield>
    </datafield>
    <datafield tag="776" ind1="0" ind2=" ">
      <subfield code="t">For Waling-Om</subfield>
      <subfield code="w">(NL-LeOCL)393539199</subfield>
    </datafield>
  </record>